Finding the center within : The healing way of mindfulness meditation

Finding the Center Within offers a step-by-step program for breaking down the barriers that prevent us from actualizing our wise inner self. The Biens combine Eastern spiritual wisdom with the pragmatic wisdom of Western psychology, teaching us how to remove the walls that conceal who and what we re...

Πλήρης περιγραφή

Αποθηκεύτηκε σε:
Λεπτομέρειες βιβλιογραφικής εγγραφής
Κύριος συγγραφέας: Bien, Thomas
Μορφή: Βιβλίο
Γλώσσα:Undetermined
Έκδοση: Hoboken, N.J. John Wiley & Sons 2003
Θέματα:
Ετικέτες: Προσθήκη ετικέτας
Δεν υπάρχουν, Καταχωρήστε ετικέτα πρώτοι!
Thư viện lưu trữ: Trung tâm Học liệu Trường Đại học Cần Thơ
LEADER 00954nam a2200217Ia 4500
001 CTU_165803
008 210402s9999 xx 000 0 und d
020 |c 10.17 
082 |a 291.435 
082 |b B588 
100 |a Bien, Thomas 
245 0 |a Finding the center within : 
245 4 |b The healing way of mindfulness meditation 
245 0 |c Thomas Bien, Beverly Bien 
260 |a Hoboken, N.J. 
260 |b John Wiley & Sons 
260 |c 2003 
520 |a Finding the Center Within offers a step-by-step program for breaking down the barriers that prevent us from actualizing our wise inner self. The Biens combine Eastern spiritual wisdom with the pragmatic wisdom of Western psychology, teaching us how to remove the walls that conceal who and what we really are and face our lives with greater honesty. 
650 |a Meditation,Sự thiền định 
904 |i Yen,Qhieu 
980 |a Trung tâm Học liệu Trường Đại học Cần Thơ